| Tag |
First Indicator |
Second Indicator |
Subfields |
| LEADER |
00000cam a2200000 a 4500 |
| 001 |
in00000545340 |
| 005 |
20200418063258.0 |
| 008 |
841206s1983 gw a 00010 ger |
| 010 |
|
|
|a 84163224
|
| 020 |
|
|
|a 3921365600
|
| 020 |
|
|
|a 3921365619 (Vorzugsausg.)
|
| 035 |
|
|
|a (OCoLC)10739357
|
| 035 |
|
|
|9 ACJ0037AM
|
| 039 |
0 |
|
|a 2
|b 3
|c 3
|d 3
|e 3
|
| 040 |
|
|
|a DLC
|c DLC
|d TXA
|d UtOrBLW
|
| 049 |
|
|
|a TXAM
|c [1276793]
|
| 050 |
0 |
0 |
|a PT2621.U665
|b L4 1983
|
| 100 |
1 |
|
|a Kunert, Günter,
|d 1929-2019.
|
| 245 |
1 |
0 |
|a Leben und Schreiben /
|c Gunter Kunert ; offsetlithographien, Horst Sobotta.
|
| 250 |
|
|
|a Erstausg.
|
| 264 |
|
1 |
|a Pfaffenweiler :
|b Pfaffenweiler Presse,
|c [1983]
|
| 264 |
|
4 |
|c ©1983
|
| 300 |
|
|
|a 50 leaves :
|b illustrations ;
|c 21 cm.
|
| 336 |
|
|
|a text
|b txt
|2 rdacontent
|
| 337 |
|
|
|a unmediated
|b n
|2 rdamedia
|
| 338 |
|
|
|a volume
|b nc
|2 rdacarrier
|
| 490 |
0 |
|
|a Pfaffenweiler Literatur ;
|v 17
|
| 700 |
1 |
|
|a Sobotta, Horst,
|d 1949-
|
| 999 |
|
|
|a MARS
|
| 999 |
f |
f |
|s 670b5e7e-e2e7-3176-be03-45b6cf798c3e
|i 4e9dbc04-8437-3174-8a99-e145129fbccb
|t 0
|
| 952 |
f |
f |
|p ric
|a Texas A&M University
|b Rellis Campus
|c Joint Library Facility
|d Remote Storage
|t 0
|e PT2621.U665 L4 1983
|h Library of Congress classification
|i unmediated -- volume
|m A14808895846
|
| 998 |
f |
f |
|a PT2621.U665 L4 1983
|t 0
|l Remote Storage
|